Microbes (Record no. 82899)
[ view plain ]
| 000 -LEADER | |
|---|---|
| fixed length control field | 00650nam a2200157 a 4500 |
| 008 - FIXED-LENGTH DATA ELEMENTS--GENERAL INFORMATION | |
| fixed length control field | 120416s1968 ||||||||||||||||| || u |
| 050 ## - LIBRARY OF CONGRESS CALL NUMBER | |
| Classification number | QR 75 Sus |
| 100 ## - MAIN ENTRY--PERSONAL NAME | |
| Personal name | Sussman, Alfred S |
| 245 10 - TITLE STATEMENT | |
| Title | Microbes |
| 246 ## - | |
| -- | their growth, nutrition and interaction |
| 260 ## - PUBLICATION, DISTRIBUTION, ETC. | |
| Place of publication, distribution, etc. | Lexington |
| Name of publisher, distributor, etc. | D. C. Heath |
| Date of publication, distribution, etc. | 1968 |
| 300 ## - PHYSICAL DESCRIPTION | |
| Extent | ix, 121p. : ill. |
| 350 ## - | |
| -- | 0.00 |
| 995 ## - | |
| -- | BINDERY (DAMAGED) |
| -- | 0.00 |
| -- | 713390 |
| -- | CBU-MAIN LIBRARY (Kitwe) |
| -- | 2 |
| -- | 0.80 |
| -- | QR 75 Sus |
| -- | 1 |
| -- | DAMAGED |
| -- | 015078 |
| -- | Main Library Open Access Collection |
| 995 ## - | |
| -- | BINDERY (DAMAGED) |
| -- | 0.00 |
| -- | 713391 |
| -- | CBU-MAIN LIBRARY (Kitwe) |
| -- | 1 |
| -- | 0.80 |
| -- | QR 75 Sus |
| -- | 2 |
| -- | DAMAGED |
| -- | 015077 |
| -- | Main Library Open Access Collection |
| 999 ## - | |
| -- | 82899 |
| -- | 82899 |
| Withdrawn status | Lost status | Source of classification or shelving scheme | Damaged status | Not for loan | Permanent Location | Current Location | Shelving location | Date acquired | Total Checkouts | Full call number | Barcode | Date last seen | Copy number | Price effective from | Koha item type |
|---|---|---|---|---|---|---|---|---|---|---|---|---|---|---|---|
| CBU-MAIN LIBRARY, KITWE. | CBU-MAIN LIBRARY, KITWE. | 09/29/2023 | QR 75 Sus | 015078 | 09/29/2023 | 1 | 09/29/2023 | MONOGRAPH | |||||||
| CBU-MAIN LIBRARY, KITWE. | CBU-MAIN LIBRARY, KITWE. | 09/29/2023 | QR 75 Sus | 015077 | 09/29/2023 | 2 | 09/29/2023 | MONOGRAPH |